000 00522nam a2200181 a 4500
001 0251
005 20140414132115.0
008 040902s19uu xx 00 eng d
020 _a0-590-76564-7
050 _aM 745
_bR61 1991
100 _aRodgers, Frank
245 _aAnimal art :
_cFrank Rodgers.
_bdrawing, painting and cartooning animals /
260 _aLondon :
_bHippo Books,
_c1991.
300 _a48 p. : ill. ; cm.
440 _aClifford's
650 _aArts and crafts
_xJuvenile literature.
999 _c114892
_d114892